Keep on dancing (barbie) - lyrics - Statistics

General Stats
  • This quiz has been taken 27 times
  • The average score is 169 of 214
Answer Stats
Answer % Correct
A
100%
Be
100%
Beat
100%
Dancing
100%
Heart
100%
Keep
100%
Listen
100%
Of
100%
On
100%
The
100%
To
100%
Your
100%
Dance
93%
I
93%
Am
87%
As
87%
Bright
87%
I'll
87%
Is
87%
Just
87%
Know
87%
Star
87%
Who
87%
And
80%
Cause
80%
Fine
80%
My
80%
Always
73%
Are
73%
Follow
73%
Go
73%
It
73%
Me
73%
Music
73%
See
73%
Seems
73%
Shining
73%
Then
73%
Dreaming
67%
Feet
67%
Let
67%
Through
67%
When
67%
Flows
60%
Somehow
60%
Close
53%
Eyes
53%
At
40%
But
40%
Feeling
40%
I'm
40%
Will
40%
All
33%
For
33%
Shine
33%
Steps
33%
That's
33%
Think
33%
This
33%
Wanna
33%
Where
33%
Yeah
33%
Again
27%
Clearly
27%
Color
27%
Fall
27%
Lead
27%
Least
27%
Less
27%
Line
27%
Mine
27%
More
27%
Outside
27%
Rhyme
27%
Sky
27%
Stumble
27%
These
27%
Tomorrow
27%
Trip
27%
Up
27%
Changing
20%
stretch
20%
No matching quizzes found
Score Distribution
Percent of People with Each Score
Percentile by Number Answered
Your Score History
You have not taken this quiz